000 00486nam a2200145Ia 4500
008 180921t xxu||||| ||||o00| 0 eng d
041 _aeng
080 _aVol.1 1707 - 1879
245 _aordinance : No.2 of 1897. An ordinance To Empower Banking Companies To Become Incorporated Under The Joint Stock Companies ordinance.
300 _ap.330-358, 23 cm
650 _aOrdinance
_aJoint Stock Companies : Banking
942 _cBK
999 _c49206
_d49206
003 LK-CoDNM
040 _aLK-CoDNM
_dLK-CoDNM
_eLK-CoDNM